000 00643nam a22001817a 4500
003 UA-OsUOA
001 20066
007 ta
008 20041022b un ||||| |||| 00| 0 ukr d
100 _aБабінець А.
942 _cSA
040 _aUA-OsUOA
_cUA-OsUOA
_dUA-OsUOA
245 _aЦерква - це небо на землі
_b[Про Свято-Покровський монастир, що у с. Великі Цепцевичі Володимирец. р-ну]
300 _aС.1,22
955 _a0
773 0 _w0
_tВільне слово
_dРівне
_d2004
_g№78/79/15 жовт./
650 7 _aКраєзнавча робота
_2UDC
999 _c306239
_d306239